| 000 | 00481nam a2200181Ia 4500 | ||
|---|---|---|---|
| 003 | GCL | ||
| 008 | 140319s9999 xx 000 0 eng d | ||
| 040 |
_aGCL / _cGCL |
||
| 082 | 0 | 4 |
_a924 _bF M |
| 100 | 1 | _aFRANK, ELIZABETH | |
| 245 | 1 | 0 |
_aMEMORIES OF THE LIFE AND WRITING OF LINDLEY MURRAY / _cFRANK, ELIZABETH |
| 260 |
_a[S.N] : _bROUTLEDGE ، _c1996 |
||
| 300 | _a270 P | ||
| 650 | 0 | 4 | _aMURRAY, LINDLEY |
| 650 | 0 | 4 | _aENGLISH LANGUAGE |
| 650 | 0 | 4 | _aBIOGRAPHY |
| 942 |
_2ddc _cBK |
||
| 999 |
_c13191 _d13191 |
||